Невидимая горилла, или История о том, как обманчива наша интуиция (Запись № 1427533)

Подробности
000 -МАРКЕР
контрольное поле 02080nam0a2200409 4500
001 - ИДЕНТИФИКАТОР ЗАПИСИ
контрольное поле RU\NLR\bibl\1744787
005 - ИДЕНТИФИКАТОР ВЕРСИИ
контрольное поле 20260406091943.0
010 ## - МЕЖДУНАРОДНЫЙ СТАНДАРТНЫЙ НОМЕР КНИГИ (ISBN)
Номер (ISBN) 978-5-904946-07-4
Тираж 2000
021 ## - НОМЕР ГОСУДАРСТВЕННОЙ РЕГИСТРАЦИИ
Код страны Российская Федерация
Номер 2011-9081
Номер Листа государственной регистраци 644
035 ## - ДРУГИЕ СИСТЕМНЫЕ НОМЕРА
Идентификатор записи (NLR Aleph) 001735688
035 ## - ДРУГИЕ СИСТЕМНЫЕ НОМЕРА
Идентификатор записи (nilc)RSL-KNO-004892404
100 ## - ДАННЫЕ ОБЩЕЙ ОБРАБОТКИ
Данные общей обработки 20110214d2011 |||y0rusy50 ca
101 1# - ЯЗЫК РЕСУРСА
Язык текста, звукозаписи и т.д. русский
Язык оригинала английский
102 ## - СТРАНА ПУБЛИКАЦИИ ИЛИ ПРОИЗВОДСТВА
Страна публикации Российская Федерация
105 ## - ПОЛЕ КОДИРОВАННЫХ ДАННЫХ: ТЕКСТОВЫЕ МАТЕРИАЛЫ, МОНОГРАФИЧЕСКИЕ
Кодированные данные о монографическом текстовом документе y |||||||||
200 1# - ЗАГЛАВИЕ И СВЕДЕНИЯ ОБ ОТВЕТСТВЕННОСТИ
Основное заглавие Невидимая горилла, или История о том, как обманчива наша интуиция
Сведения, относящиеся к заглавию [перевод с английского]
Первые сведения об ответственности Кристофер Шабри, Даниэл Саймонс
210 ## - ПУБЛИКАЦИЯ, РАСПРОСТРАНЕНИЕ И ДР.
Место издания, распространения и т.д. Москва
Имя издателя, распространителя и т. д. Карьера пресс
Дата издания, распространения и т.д. 2011
215 ## - ФИЗИЧЕСКАЯ ХАРАКТЕРИСТИКА
Специфическое обозначение материала и объем 372 с.
Размеры 24
225 1# - СЕРИЯ
Основное заглавие серии Выдающиеся достижения в психологии
300 ## - ОБЩИЕ ПРИМЕЧАНИЯ
Текст примечания Библиогр. в примеч.: с. 313-372
300 ## - ОБЩИЕ ПРИМЕЧАНИЯ
Текст примечания Загл. и авт. ориг.: The invisible gorilla and other ways our intuitions deseive us / Christopher Chabris and Daniel Simons
300 ## - ОБЩИЕ ПРИМЕЧАНИЯ
Текст примечания На 3-й с. суперобл. авт.: Кристофер Шабри - проф. Union Colledge в Нью-Йорке и Даниэль Саймонс - проф. Иллинойс. ун-та
454 #0 - ОРИГИНАЛ (ПЕРЕВОДА)
Встроенное поле 2001#$aThe invisible gorilla and other ways our intuitions deseive us$fChristopher Chabris and Daniel Simons
-- 700#1$aChabris$bC.$gChristopher$4070
-- 701#1$aSimons$bD.$gDaniel$4070
Заглавие The invisible gorilla and other ways our intuitions deseive us
Автор Chabris, Christopher
606 1# - НАИМЕНОВАНИЕ ТЕМЫ КАК ПРЕДМЕТ
Наименование темы Человек
Тематический подзаголовок Психология восприятия
Системный номер авторитетной/нормативной записи 1341964
Идентификатор авторитетной/нормативной записи RU\NLR\auth\66244536
686 ## - ИНДЕКСЫ ДРУГИХ КЛАССИФИКАЦИЙ
Индекс Ю935.131-232,0
Код системы
686 ## - ИНДЕКСЫ ДРУГИХ КЛАССИФИКАЦИЙ
Индекс Ю935.113
700 #1 - ИМЯ ЛИЦА - ПЕРВИЧНАЯ ОТВЕТСТВЕННОСТЬ
Начальный элемент ввода Шабри
Часть имени, кроме начального элемента ввода К.
Расширение инициалов личного имени Кристофер
Код отношения Автор
701 #1 - ИМЯ ЛИЦА - АЛЬТЕРНАТИВНАЯ ОТВЕТСТВЕННОСТЬ
Код отношения Автор
Графика поля Кириллица
Материалы, к которым относится поле rus
Начальный элемент ввода Саймонс
Часть имени, кроме начального элемента ввода Д.
Даты 1969-
Расширение инициалов личного имени Даниэл
Идентификатор авторитетной/нормативной записи RU\NLR\AUTH\770282587
Системный номер авторитетной/нормативной записи 2671721
801 #0 - ИСТОЧНИК ЗАПИСИ
Страна Российская Федерация
Организация RuMoRKP
Дата составления 20110214
Правила каталогизации rcr
801 #1 - ИСТОЧНИК ЗАПИСИ
Страна Российская Федерация
Организация RuMoRGB
Дата составления 20110214
801 #2 - ИСТОЧНИК ЗАПИСИ
Страна Российская Федерация
Организация NLR
Дата составления 20110310
Правила каталогизации rcr
942 ## - ДОПОЛНИТЕЛЬНЫЕ ЭЛЕМЕНТЫ ЗАПИСИ (АБИС)
Тип экземпляра АБИС Книга
980 ## - КОЛЛЕКЦИЯ
Название коллекции Национальная библиография
980 ## - КОЛЛЕКЦИЯ
Название коллекции НБР
Экземпляры
Тип экземпляра Дата поступления Источник поступления Библиотека постоянного хранения Библиотека текущего хранения Место хранения Шифр хранения Штрих-код Статус экземпляра
Книга 10.03.2011 Обязательный экземпляр РНБ (Московский) РНБ (Московский) Русский книжный фонд: издания с 1957 года 2011-7/1140 1-1808744  
Книга 10.03.2011 Обязательный экземпляр РНБ (Московский) РНБ (Московский) Русский книжный фонд: издания с 1957 года 2011-7/1140 3372160